| Поле | Инд. | ПП | Название | Значение |
|---|---|---|---|---|
| Тип записи | a | |||
| Библиографический уровень | m | |||
| 001 | Контрольный номер | 1d8d8438-d122-480e-922c-e4bc5927cfa9 | ||
| 005 | Дата корректировки | 20140226123845.1 | ||
| 008 | Кодируемые данные | 990402 d | ||
| 020 | a | ISBN | 5-230-08552-5 | |
| c | Цена, тираж | 2 000-00 | ||
| 040 | a | Служба первич. каталог. | НБ ТвГУ | |
| 041 | a | Код языка текста | rus | |
| 080 | a | Индекс УДК | 512 | |
| a | Индекс УДК | 517 | ||
| a | Индекс УДК | 519 | ||
| 084 | a | Индекс другой классификации/Индекс ББК | В14 | |
| a | Индекс другой классификации/Индекс ББК | В122 | ||
| a | Индекс другой классификации/Индекс ББК | В181.3 | ||
| 090 | a | Полочн. индекс | В14 | |
| x | Авторский знак | А45 | ||
| 245 | 10 | a | Заглавие | Алгебраические и логические конструкции |
| b | Продолж. заглавия | сборник научных трудов | ||
| c | Ответственность | Твер. гос. ун-т ; [отв. ред. Ю. М. Горчаков] | ||
| 260 | 0_ | a | Место издания | Тверь |
| b | Издательство | Тверской государственный университет | ||
| c | Дата издания | 1994 | ||
| 300 | a | Объем | 104, [1] с. | |
| b | Иллюстрации/ тип воспроизводства | ил., табл. | ||
| 504 | a | Библиография | Библиогр. в конце ст | |
| 650 | a | Основная рубрика | Алгебра | |
| 650 | a | Основная рубрика | Математическая логика | |
| 650 | a | Основная рубрика | Автоматов теория | |
| 653 | a | Ключевые слова | Алгебра | |
| a | Ключевые слова | Алгебраические конструкции | ||
| a | Ключевые слова | Математическая логика | ||
| a | Ключевые слова | Сборники | ||
| a | Ключевые слова | Теория автоматов | ||
| a | Ключевые слова | Труды Тверского государственного университета | ||
| 700 | 1_ | a | Другие авторы | Горчаков Ю. М. |
| e | Роль лиц | ред. | ||
| 710 | a | Организация/ юрисдикция | Тверской государственный университет | |
| 901 | t | Тип документа | m | |
| 930 | a | Новая/Ретро | Научная | |
| a | Новая/Ретро | Сборники | ||
| 954 | a | Дата поступления на обработку | 31.05.95 |